| 000 | 00663nam a2200169 a 4500 | ||
|---|---|---|---|
| 003 | 0 | ||
| 005 | 20250509105420.0 | ||
| 008 | 970101s19uu xx 00 eng d | ||
| 050 |
_aPHS LB 2331 _b.T35 2004 |
||
| 100 | _aTakezawa, Mcjoe Yokio S. | ||
| 245 |
_aPerceptions of selected fourth year Southville students, teachers and administrators on student assessment of faculty performance / _cMcjoe Yukio S. Takezawa. |
||
| 260 |
_aLas PiƱas City, Philippines : _bSouthville International School and Colleges, _c2004. |
||
| 300 |
_a75 pages ; _c28 cm. |
||
| 650 |
_aTeacher effectiveness _xEvaluation. |
||
| 650 |
_aSchool personnel _xRating of. |
||
| 942 |
_2lcc _cPASS |
||
| 999 |
_c97159 _d97159 |
||